Management fundamentals: concepts applications skill development (6th edition) (Record no. 82433)
[ view plain ]
| 000 -LEADER | |
|---|---|
| fixed length control field | 01268nam a2200217 a 4500 |
| 008 - FIXED-LENGTH DATA ELEMENTS--GENERAL INFORMATION | |
| fixed length control field | 170111s2015 ||||||||||||||||| || u |
| 020 ## - INTERNATIONAL STANDARD BOOK NUMBER | |
| International Standard Book Number | 9781483352268 |
| 050 ## - LIBRARY OF CONGRESS CALL NUMBER | |
| Classification number | HD 57.7 Nus |
| 100 ## - MAIN ENTRY--PERSONAL NAME | |
| Personal name | Lussier, Robert N |
| 245 10 - TITLE STATEMENT | |
| Title | Management fundamentals: concepts applications skill development (6th edition) |
| Statement of responsibility, etc. | By Robert N. Lussier |
| 250 ## - EDITION STATEMENT | |
| Edition statement | 6th ed. |
| 260 ## - PUBLICATION, DISTRIBUTION, ETC. | |
| Place of publication, distribution, etc. | London |
| Name of publisher, distributor, etc. | SAGE |
| Date of publication, distribution, etc. | 2015 |
| 300 ## - PHYSICAL DESCRIPTION | |
| Extent | xxxiii, 517p.: ill. |
| 650 #0 - SUBJECT ADDED ENTRY--TOPICAL TERM | |
| Topical term or geographic name entry element | MANAGEMENT |
| 650 #0 - SUBJECT ADDED ENTRY--TOPICAL TERM | |
| Topical term or geographic name entry element | LEADERSHIP |
| 995 ## - | |
| -- | ANNEX COLLECTION (Main Library) |
| -- | 747594 |
| -- | CBU-MAIN LIBRARY (Kitwe) |
| -- | HD 57.7 Nus |
| -- | 2 |
| -- | AVAILABLE |
| -- | Jan 24, 2017 |
| -- | 747594 |
| -- | Annex Low-Usage Collection |
| 995 ## - | |
| -- | ANNEX COLLECTION (Main Library) |
| -- | 747595 |
| -- | CBU-MAIN LIBRARY (Kitwe) |
| -- | HD 57.7 Nus |
| -- | 3 |
| -- | AVAILABLE |
| -- | Jan 24, 2017 |
| -- | 747595 |
| -- | Annex Low-Usage Collection |
| 995 ## - | |
| -- | MAIN LIBRARY OPEN ACCESS |
| -- | 747596 |
| -- | CBU-MAIN LIBRARY (Kitwe) |
| -- | HD 57.7 Nus |
| -- | 4 |
| -- | AVAILABLE |
| -- | Jan 24, 2017 |
| -- | 747596 |
| -- | Main Library Open Access Collection |
| 995 ## - | |
| -- | MAIN LIBRARY OPEN ACCESS |
| -- | 747593 |
| -- | CBU-MAIN LIBRARY (Kitwe) |
| -- | HD 57.7 Lus |
| -- | 1 |
| -- | AVAILABLE |
| -- | Jan 24, 2017 |
| -- | 747593 |
| -- | Main Library Open Access Collection |
| 995 ## - | |
| -- | ANNEX COLLECTION (Main Library) |
| -- | 747597 |
| -- | CBU-MAIN LIBRARY (Kitwe) |
| -- | HD 57.7 Nus |
| -- | 5 |
| -- | AVAILABLE |
| -- | Jan 24, 2017 |
| -- | 747597 |
| -- | Annex Low-Usage Collection |
| 999 ## - | |
| -- | 82433 |
| -- | 82433 |
| Withdrawn status | Lost status | Source of classification or shelving scheme | Damaged status | Not for loan | Permanent Location | Current Location | Date acquired | Full call number | Barcode | Date last seen | Copy number | Price effective from | Koha item type | Shelving location | Total Checkouts |
|---|---|---|---|---|---|---|---|---|---|---|---|---|---|---|---|
| Withdrawn | CBU-MAIN LIBRARY, KITWE. | CBU-MAIN LIBRARY, KITWE. | 09/27/2023 | HD 57.7 Nus | 747594 | 09/27/2023 | 1 | 09/27/2023 | MONOGRAPH | ||||||
| Withdrawn | CBU-MAIN LIBRARY, KITWE. | CBU-MAIN LIBRARY, KITWE. | 09/27/2023 | HD 57.7 Nus | 747595 | 09/27/2023 | 2 | 09/27/2023 | MONOGRAPH | ||||||
| CBU-MAIN LIBRARY, KITWE. | CBU-MAIN LIBRARY, KITWE. | 09/27/2023 | HD 57.7 Nus | 747596 | 09/27/2023 | 3 | 09/27/2023 | MONOGRAPH | |||||||
| CBU-MAIN LIBRARY, KITWE. | CBU-MAIN LIBRARY, KITWE. | 09/27/2023 | HD 57.7 Nus | 747593 | 09/27/2023 | 4 | 09/27/2023 | MONOGRAPH | |||||||
| CBU-MAIN LIBRARY, KITWE. | CBU-MAIN LIBRARY, KITWE. | 09/27/2023 | HD 57.7 Nus | 747597 | 09/27/2023 | 5 | 09/27/2023 | MONOGRAPH |